000 00323nam a22001337a 4500
008 170925b xxu||||| |||| 00| 0 eng d
020 _a9781878380869
041 _aeng
080 _a37
100 _a46
101 _aEDU
245 _aTHE POWERFUL PONTENTIAL LEARNING COMMUNITIES
_cKERZAR.A.J
942 _2udc
_cBK
999 _c29473
_d29473